European Approaches to International Management

Saved in:
Bibliographic Details
Other Authors: Macharzina, Klaus, Staehle, Wolfgang H.
Format: Book
Language:English
Published: Berlin Gruyter 1986
Edition:1. ed.
Tags: Add Tag
No Tags, Be the first to tag this record!

MARC

LEADER 00000nam a2200000 4500
001 c028588
005 20221220071458.6
041 0 |a eng 
044 |a DE 
245 1 0 |a European Approaches to International Management  |c Edit. Klaus Macharzina, Wolfgang H. Staehle 
250 |a 1. ed. 
264 1 |a Berlin  |b Gruyter  |c 1986 
300 |a 386 s. 
700 1 |a Macharzina, Klaus 
700 1 |a Staehle, Wolfgang H.